000 00384nam a2200169Ia 4500
008 221030s9999 xx 000 0 und d
020 _a0070499357
041 _aEnglish
082 _a105.23
100 _aB. A. Forouzan
245 0 _aData Communications & Networking
250 _a2nd
260 _bTMH
_aNew Delhi
_c2006
300 _a944
650 _aBE Computer
942 _cBK
999 _c5689
_d5689